000 00408nam a22001697a 4500
005 20251108175159.0
008 250721s1991 xx 000 0 eng d
082 1 4 _aJ/F/KHA
245 1 0 _aKHALED AND AIDA /
264 _bBUTTERFLY BOOKS,
_c1991.
300 _a32P.
650 1 7 _aCHILDREN
650 1 7 _aSTORIES
653 _aناشئون صغار (10-14) سنة
942 _2ddc
_cBK
999 _c128055
_d128055